Comentarios al Cd̤igo Civil y compilaciones forales

Detalles Bibliográficos
Otros Autores: Albaladejo Garca̕, Manuel (Conductor), Ors Přez-Peix, Alvaro d' (Compilador), Rodrg̕uez-Rosado, Bruno (Compilador)
Formato: Desconocido
Lenguaje:español
Publicado: Madrid : Revista de Derecho Privado : Editoriales de Derecho Reunidas, 2002
Materias:
Acceso en línea:Acceso restringido

MARC

LEADER 00000ny a22000003n 4500
005 20110701150855.0
008 080723s2002 sp s 000 0 spa c
020 |a 847130838X 
035 |a 696 
040 |a UMA.RE  |d vlex 
080 |a 347(460)(0.034) 
080 |a 347(460.16)(0.034) 
090 |c 2158  |d 2158 
245 0 0 |a Comentarios al Cd̤igo Civil y compilaciones forales  |h [Recurso electrn̤ico]  |c dirigidos por Manuel Albaladejo 
256 |a Servicio en ln̕ea 
260 |a Madrid :  |b Revista de Derecho Privado :  |b Editoriales de Derecho Reunidas,  |c 2002 
505 0 |t Tomo XXXVIII, Vol. 1, Leyes 346 a 487 de la Compilacin̤ o Fuero Nuevo de Navarra /  |r comentadas por Alvaro D'Ors Přez-Peix, Bruno Rodrg̕uez-Rosado 
506 1 |a Contenido solo disponible en los productos indicados  |d vLex Global  |d vLex Global (Academic Edition, excluding Law Schools)  |d vLex Global (U.S. Academic Edition, Law Schools)  |d vLex Global (U.S. Academic Edition, excluding Law Schools)  |d vLex Global (Academic Edition, Law Schools) 
650 0 7 |a Civil  |2 Tesauro vLex 
650 0 7 |a Cd̤igo civil  |2 Tesauro vLex 
650 0 7 |a Derecho foral de Navarra  |2 Tesauro vLex 
650 0 7 |a Leyes de la compilacin̤  |2 Tesauro vLex 
700 1 |a Albaladejo Garca̕, Manuel,  |e dir 
700 1 |a Ors Přez-Peix, Alvaro d',  |e com 
700 1 |a Rodrg̕uez-Rosado, Bruno,  |e com 
740 0 |a vLex Libros (Servicios en ln̕ea) 
856 4 0 |z Acceso restringido  |u http://vlex.com/source/696 
942 |c BOOK